[Event "4NCL/Div1/BARB2-IND2"]
[Site "Rd02-Birmingham"]
[Date "2000.09.24"]
[Round "2.8"]
[White "Richards, Heather"]
[Black "Rutherford, Elaine"]
[Result "1-0"]
[WhiteElo "2109"]
[BlackElo "2050"]
[PlyCount "113"]
[EventDate "2000.09.24"]

1. e4 d5 2. exd5 Qxd5 3. Nc3 Qa5 4. Nf3 Nf6 5. Bc4 c6 6. O-O Bf5 7. Qe2 Nbd7 8.
Re1 Qc7 9. d4 Nb6 10. Bb3 e6 11. Bg5 O-O-O 12. h3 Be7 13. Ne5 Bg6 14. Rad1 Bh5
15. g4 Bg6 16. a4 Nfd5 17. Bxe7 Qxe7 18. a5 Nxc3 19. bxc3 Nd5 20. Bxd5 Rxd5 21.
a6 Rb5 22. Rb1 bxa6 23. Nxc6 Qb7 24. Na5 Qb6 25. Nb3 h5 26. c4 Rb4 27. g5 Rd8
28. Rec1 Rxd4 29. c5 Qb7 30. c6 Qb6 31. c3 Bxb1 32. Nxd4 Rb2 33. Qe5 Qb8 34.
Qxg7 Bg6 35. Qf8+ Kc7 36. Qe7+ Kb6 37. c4 Rb1 38. Rxb1+ Bxb1 39. Qxf7 e5 40.
Nb3 Be4 41. g6 Qc7 42. Qxc7+ Kxc7 43. g7 Bh7 44. Na5 Kd6 45. c5+ Ke7 46. Nb7
Bg8 47. h4 Bd5 48. Kf1 Kf7 49. Nd6+ Kxg7 50. c7 Be6 51. c8=Q Bxc8 52. Nxc8 Kf6
53. Nxa7 Ke6 54. Ke2 Kd7 55. Kd3 Kc7 56. Kc4 Kb7 57. Nb5 1-0

[Event "4NCL/Div1/IND1-BARB1"]
[Site "Rd02-Birmingham"]
[Date "2000.09.24"]
[Round "2.1"]
[White "Nunn, John"]
[Black "Parker, Jonathan"]
[Result "1-0"]
[WhiteElo "2578"]
[BlackElo "2539"]
[PlyCount "69"]
[EventDate "2000.09.24"]

1. e4 e5 2. Bc4 Nf6 3. d3 Nc6 4. Nf3 Bc5 5. c3 d6 6. O-O O-O 7. Nbd2 a6 8. Bb3
Ba7 9. Nc4 Be6 10. Bg5 h6 11. Bh4 g5 12. Bg3 Ne7 13. Re1 Nh5 14. Nxg5 Nxg3 15.
Nxe6 fxe6 16. Ne3 Nxe4 17. Bxe6+ Kh8 18. dxe4 Rf6 19. Bh3 Qf8 20. Qd2 Rf4 21.
g3 Rxe4 22. Bg2 Bxe3 23. fxe3 Rg4 24. Bxb7 Ra7 25. Rf1 Qg8 26. Bg2 Rg6 27. Rf2
c6 28. Raf1 Ra8 29. Rf7 Nd5 30. c4 Nf4 31. Bxc6 Rb8 32. Bd5 Rxg3+ 33. hxg3
Qxg3+ 34. Bg2 Nh3+ 35. Kh1 1-0

[Event "4NCL/Div1/IND1-BARB1"]
[Site "Rd02-Birmingham"]
[Date "2000.09.24"]
[Round "2.2"]
[White "Collinson, Adam"]
[Black "Chandler, Murray"]
[Result "0-1"]
[WhiteElo "2404"]
[BlackElo "2526"]
[PlyCount "50"]
[EventDate "2000.09.24"]

1. e4 c5 2. Nf3 d6 3. Bb5+ Nd7 4. c3 Ngf6 5. Qe2 a6 6. Ba4 e5 7. O-O Be7 8. d4
b5 9. Bc2 O-O 10. dxe5 dxe5 11. Rd1 Qc7 12. Nbd2 Bb7 13. Nf1 c4 14. Bg5 Nc5 15.
Bxf6 Bxf6 16. Ne3 Rad8 17. Ng4 Be7 18. Ngxe5 h5 19. b3 Bf6 20. Nxc4 Bxc3 21.
Ne3 Bxa1 22. Rxa1 Nxe4 23. Nf5 Rfe8 24. Re1 g6 25. N5d4 Nf6 0-1

[Event "4NCL/Div1/IND1-BARB1"]
[Site "Rd02-Birmingham"]
[Date "2000.09.24"]
[Round "2.3"]
[White "Gallagher, Joe"]
[Black "Kelly, Brian"]
[Result "1-0"]
[WhiteElo "2514"]
[BlackElo "2426"]
[PlyCount "91"]
[EventDate "2000.09.24"]

1. e4 e6 2. d4 d5 3. Nc3 Bb4 4. e5 Ne7 5. a3 Bxc3+ 6. bxc3 b6 7. Qg4 Ng6 8. h4
h5 9. Qd1 Ba6 10. Bxa6 Nxa6 11. Bg5 Qd7 12. Ne2 Qc6 13. O-O Ne7 14. Bxe7 Kxe7
15. Qd2 g6 16. a4 Nb8 17. Ra3 Nd7 18. Qg5+ Ke8 19. Nf4 Nf8 20. Nd3 Qd7 21. Qg3
Qe7 22. Raa1 Nd7 23. Rfb1 Kf8 24. a5 Kg7 25. Nf4 Kh7 26. Nh3 Rhc8 27. Ng5+ Kg7
28. c4 dxc4 29. Qc3 c5 30. Qxc4 cxd4 31. Qxd4 Rab8 32. Rb3 Rxc2 33. Rf3 Rf8 34.
axb6 Nxb6 35. Rf6 Rc4 36. Qd3 Rg4 37. g3 Nc4 38. f4 Nb6 39. Qe3 Qb7 40. Kh2 Kg8
41. Qd3 Kg7 42. Rxg6+ fxg6 43. Nxe6+ Kg8 44. Nxf8 Kxf8 45. Qd8+ Kg7 46. e6 1-0

[Event "4NCL/Div1/IND1-BARB1"]
[Site "Rd02-Birmingham"]
[Date "2000.09.24"]
[Round "2.4"]
[White "Crouch, Colin"]
[Black "Flear, Glenn"]
[Result "1/2-1/2"]
[WhiteElo "2448"]
[BlackElo "2480"]
[PlyCount "75"]
[EventDate "2000.09.24"]

1. d4 d5 2. c4 dxc4 3. Nf3 Nf6 4. e3 e6 5. Bxc4 c5 6. O-O a6 7. a4 Nc6 8. Qe2
Qc7 9. Nc3 Bd6 10. Rd1 O-O 11. Bd2 Bd7 12. d5 exd5 13. Nxd5 Nxd5 14. Bxd5 Rae8
15. Bc3 Be6 16. Qd3 Bxd5 17. Qxd5 Re6 18. Rd2 h6 19. Rad1 Rfe8 20. h3 b5 21.
axb5 axb5 22. b3 Bf8 23. Qf5 Rd8 24. Rxd8 Nxd8 25. Be5 Bd6 26. Qd3 Nb7 27. Bb2
Qb6 28. e4 Re8 29. Nh4 Bf8 30. Nf5 Rd8 31. Qf3 Rxd1+ 32. Qxd1 Qe6 33. Qd3 Nd6
34. Nxd6 Bxd6 35. Kf1 Be5 36. Bxe5 Qxe5 37. Qxb5 Qxe4 38. Qxc5 1/2-1/2

[Event "4NCL/Div1/IND1-BARB1"]
[Site "Rd02-Birmingham"]
[Date "2000.09.24"]
[Round "2.5"]
[White "Hebden, Mark"]
[Black "Dishman, Stephen"]
[Result "1-0"]
[WhiteElo "2505"]
[BlackElo "2364"]
[PlyCount "81"]
[EventDate "2000.09.24"]

1. d4 Nf6 2. Nf3 e6 3. c3 c5 4. Bg5 cxd4 5. cxd4 Qa5+ 6. Nc3 Ne4 7. Bd2 Nxd2 8.
Qxd2 b5 9. e4 b4 10. Nd1 Ba6 11. Bd3 Bxd3 12. Qxd3 Qa6 13. Qxa6 Nxa6 14. Ne3
Be7 15. Kd2 O-O 16. Rhc1 g6 17. Kd3 f5 18. exf5 gxf5 19. Ne5 f4 20. N3c4 Nb8
21. Na5 Bd8 22. Nb7 Bf6 23. Nf3 Nc6 24. Nc5 Nb8 25. Rc4 a5 26. Rac1 Be7 27. Na4
Bd6 28. Rc8 Na6 29. Rxa8 Rxa8 30. Ne5 Rd8 31. Ke4 Kf8 32. Kxf4 Nc7 33. Nb6 Ke7
34. Ke4 Nb5 35. Nc8+ Kf6 36. Nxd6 Nxd6+ 37. Kd3 Nf5 38. Rc7 d6 39. Ng4+ Kg5 40.
Ne3 Nxe3 41. Kxe3 1-0

[Event "4NCL/Div1/IND1-BARB1"]
[Site "Rd02-Birmingham"]
[Date "2000.09.24"]
[Round "2.7"]
[White "Hennigan, Michael"]
[Black "Knott, Simon"]
[Result "0-1"]
[WhiteElo "2455"]
[BlackElo "2381"]
[PlyCount "70"]
[EventDate "2000.09.24"]

1. e4 e6 2. d3 d5 3. Nd2 c5 4. g3 Nc6 5. Bg2 Nf6 6. f4 Be7 7. e5 Nd7 8. Ne2 b5
9. Nf3 a5 10. g4 h5 11. h3 hxg4 12. hxg4 Rxh1+ 13. Bxh1 b4 14. Kf2 Ba6 15. Bg2
a4 16. Qh1 b3 17. Qh8+ Bf8 18. Ng5 bxc2 19. Ng3 Qe7 20. Bxd5 Ndxe5 21. fxe5
exd5 22. Nf5 Qxe5 23. Nf3 Qf6 24. Bg5 Qxb2 25. Re1+ Kd7 26. Bc1 Qf6 27. Bg5 Qg6
28. Qh1 Re8 29. N3h4 Qxg5 30. Qxd5+ Kc7 31. Qxf7+ Re7 32. Nxe7 Qxh4+ 33. Kg2
Qxg4+ 34. Kh2 Qh4+ 35. Kg2 Bxe7 0-1

[Event "4NCL/Div1/IND1-BARB1"]
[Site "Rd02-Birmingham"]
[Date "2000.09.24"]
[Round "2.8"]
[White "Kieran, Rosalind"]
[Black "Bellin, Jana"]
[Result "0-1"]
[WhiteElo "2106"]
[BlackElo "2190"]
[PlyCount "94"]
[EventDate "2000.09.24"]

1. e4 c5 2. Nf3 e6 3. d4 cxd4 4. Nxd4 a6 5. Bd3 Nf6 6. c4 Nc6 7. Nxc6 dxc6 8.
O-O e5 9. Qe2 Bc5 10. h3 Be6 11. Nd2 Nd7 12. Nf3 h6 13. Rb1 a5 14. Bd2 Qf6 15.
Bc3 h5 16. Bd2 Bg4 17. Be3 Bxf3 18. Qxf3 Qxf3 19. gxf3 g5 20. Bxc5 Nxc5 21. Be2
O-O-O 22. Rfd1 h4 23. b3 Rxd1+ 24. Rxd1 Ne6 25. f4 exf4 26. Bg4 Re8 27. Kg2 Kc7
28. Kf3 Nc5 29. Bf5 f6 30. Kg4 Rd8 31. Rxd8 Kxd8 32. e5 Ke7 33. Kh5 Kf7 34. Kh6
b5 35. cxb5 cxb5 36. f3 b4 37. Bg4 Nd3 38. e6+ Ke7 39. Kg7 Nc1 40. Bf5 Nxa2 41.
Kg6 Nc1 42. Bc2 Ne2 43. Kh5 Kxe6 44. Kg4 Nd4 45. Bd1 Kf7 46. Kh5 Kg7 47. Kg4
Kh6 0-1

[Event "4NCL/Div1/MM-SWD"]
[Site "Rd02-Birmingham"]
[Date "2000.09.24"]
[Round "2.1"]
[White "Pert, Nicholas"]
[Black "Cooper, John"]
[Result "1-0"]
[WhiteElo "2455"]
[BlackElo "2341"]
[PlyCount "69"]
[EventDate "2000.09.24"]

1. d4 Nf6 2. Nf3 e6 3. c4 b6 4. a3 Bb7 5. Nc3 d5 6. cxd5 Nxd5 7. Qc2 Nxc3 8.
bxc3 Be7 9. e4 O-O 10. Bd3 c5 11. O-O Qc8 12. Qe2 Ba6 13. c4 cxd4 14. e5 Bb7
15. Ng5 Bxg5 16. Bxg5 Qc6 17. f4 Nd7 18. Rf3 f5 19. exf6 Nxf6 20. Re1 h6 21.
Rg3 hxg5 22. fxg5 Ne4 23. Bxe4 Qxe4 24. Qxe4 Bxe4 25. Rxe4 e5 26. Rxe5 Rac8 27.
Rd5 Rxc4 28. h3 Rf4 29. g6 Kf8 30. Rd7 a5 31. Kh2 Rc6 32. Rg5 Rff6 33. Rh5 Ke8
34. Rxg7 d3 35. Ra7 1-0

[Event "4NCL/Div1/MM-SWD"]
[Site "Rd02-Birmingham"]
[Date "2000.09.24"]
[Round "2.2"]
[White "Dineley, Richard"]
[Black "Ledger, Andrew"]
[Result "1/2-1/2"]
[WhiteElo "2273"]
[BlackElo "2441"]
[PlyCount "32"]
[EventDate "2000.09.24"]

1. e4 c6 2. d4 d5 3. exd5 cxd5 4. c4 Nf6 5. Nc3 e6 6. Nf3 Bb4 7. cxd5 Nxd5 8.
Bd2 Nc6 9. Bd3 Be7 10. O-O O-O 11. a3 g6 12. Bh6 Re8 13. Re1 Bf6 14. Be4 Nde7
15. d5 exd5 16. Bxd5 Nf5 1/2-1/2

[Event "4NCL/Div1/MM-SWD"]
[Site "Rd02-Birmingham"]
[Date "2000.09.24"]
[Round "2.3"]
[White "Williams, Simon"]
[Black "Zeidler, Sven"]
[Result "1-0"]
[WhiteElo "2353"]
[BlackElo "2255"]
[PlyCount "67"]
[EventDate "2000.09.24"]

1. c4 f5 2. Nc3 Nf6 3. d4 g6 4. g3 Bg7 5. Bg2 O-O 6. Nh3 d6 7. d5 Na6 8. Nf4 e5
9. dxe6 c6 10. h4 Nc5 11. h5 gxh5 12. e4 Ncxe4 13. Nxe4 fxe4 14. Nxh5 Re8 15.
Nxg7 Kxg7 16. Qd2 e3 17. fxe3 Bxe6 18. b3 Ng4 19. Bb2+ Kg8 20. Be4 Re7 21.
O-O-O Qb6 22. Bd4 Qc7 23. Rh5 h6 24. Bc2 Rf8 25. Qd3 Rf2 26. Qg6+ Kf8 27. Rd2
Rxd2 28. Kxd2 c5 29. Bc3 Qd7 30. Rxh6 Nxh6 31. Qxh6+ Ke8 32. Qh8+ Kf7 33. Bh7
Bf5 34. Qg7+ 1-0

[Event "4NCL/Div1/MM-SWD"]
[Site "Rd02-Birmingham"]
[Date "2000.09.24"]
[Round "2.4"]
[White "James, David J"]
[Black "Ledger, David"]
[Result "0-1"]
[WhiteElo "2238"]
[BlackElo "2302"]
[PlyCount "80"]
[EventDate "2000.09.24"]

1. Nf3 Nf6 2. c4 g6 3. Nc3 Bg7 4. e4 d6 5. d4 O-O 6. Be2 e5 7. Be3 h6 8. d5 Ng4
9. Bc1 f5 10. Nd2 Nf6 11. f3 Nh5 12. g3 f4 13. Kf2 c6 14. Qg1 Bh3 15. Ke1 cxd5
16. cxd5 Bf6 17. Kd1 Bg5 18. Nc4 Na6 19. Bd2 Nc7 20. Na3 fxg3 21. hxg3 Bxd2 22.
Kxd2 Qg5+ 23. Qe3 Bg2 24. Qxg5 hxg5 25. Rh2 Bxf3 26. g4 Ng3 27. Bxf3 Rxf3 28.
Rg2 Nf1+ 29. Ke2 Raf8 30. Nc2 R8f4 31. Re1 Na6 32. Kd1 Nc5 33. Nb5 Rf6 34. Rg1
Nd3 35. Re2 Ng3 36. Reg2 Nxb2+ 37. Kc1 Nd3+ 38. Kb1 Rf1+ 39. Ne1 Nxe4 40. Kc2
Nxe1+ 0-1

[Event "4NCL/Div1/MM-SWD"]
[Site "Rd02-Birmingham"]
[Date "2000.09.24"]
[Round "2.5"]
[White "Pert, Richard"]
[Black "Saunders, John"]
[Result "1/2-1/2"]
[WhiteElo "2239"]
[BlackElo "2199"]
[PlyCount "64"]
[EventDate "2000.09.24"]

1. d4 g6 2. e4 d6 3. Nc3 c6 4. Be3 Nd7 5. Bd3 e5 6. dxe5 dxe5 7. Nf3 Bc5 8.
Bxc5 Nxc5 9. Nxe5 Qg5 10. Nf3 Qxg2 11. Rg1 Qh3 12. Bc4 Qd7 13. Ne5 Qxd1+ 14.
Rxd1 Nh6 15. f3 f6 16. Nd3 Nxd3+ 17. Rxd3 Nf7 18. f4 Ke7 19. Kf2 Be6 20. Bxe6
Kxe6 21. Rgd1 Rad8 22. Ke3 Rxd3+ 23. cxd3 Nd6 24. Ne2 Re8 25. Nd4+ Kd7 26. Nf3
c5 27. b3 Nb5 28. Rc1 b6 29. h4 Nc7 30. Kf2 Ne6 31. Kg3 Ke7 32. Re1 Rd8 1/2-1/2

[Event "4NCL/Div1/MM-SWD"]
[Site "Rd02-Birmingham"]
[Date "2000.09.24"]
[Round "2.6"]
[White "Richmond, Peter"]
[Black "James, Russell"]
[Result "1/2-1/2"]
[WhiteElo "2220"]
[BlackElo "2209"]
[PlyCount "68"]
[EventDate "2000.09.24"]

1. e4 e5 2. Nf3 Nc6 3. Bb5 Nf6 4. O-O Bc5 5. c3 O-O 6. d3 d6 7. Be3 Bb6 8. Nbd2
Ne7 9. d4 Ng6 10. Qc2 Ng4 11. Nc4 c6 12. Nxb6 Qxb6 13. Bc4 Be6 14. Bxe6 fxe6
15. Qb3 Qxb3 16. axb3 exd4 17. Bxd4 c5 18. Be3 Nxe3 19. fxe3 a6 20. Rad1 Rad8
21. Ng5 Rxf1+ 22. Kxf1 Nf8 23. e5 d5 24. c4 h6 25. Ne4 b6 26. cxd5 exd5 27. Nc3
d4 28. exd4 cxd4 29. Ne2 {(=)} Ne6 30. g3 g5 31. Nc1 Kg7 32. Ke2 Rd5 33. Nd3
Nc5 34. b4 Nxd3 1/2-1/2

[Event "4NCL/Div1/MM-SWD"]
[Site "Rd02-Birmingham"]
[Date "2000.09.24"]
[Round "2.7"]
[White "Ledger, Stephen"]
[Black "Binks, Michael"]
[Result "1-0"]
[WhiteElo "2200"]
[BlackElo "2155"]
[PlyCount "81"]
[EventDate "2000.09.24"]

1. d4 d5 2. Nf3 Nf6 3. Bf4 Bf5 4. e3 e6 5. Be2 Bd6 6. Ne5 h6 7. c4 dxc4 8. Bxc4
c6 9. Nc3 Qc7 10. Rc1 Nbd7 11. Nxd7 Qxd7 12. Bxd6 Qxd6 13. O-O O-O 14. Qe2 Ne4
15. f3 Nxc3 16. Rxc3 e5 17. Rd1 exd4 18. Rxd4 Qe7 19. e4 Be6 20. Bxe6 Qxe6 21.
Rb3 Qe7 22. Qe3 Rfd8 23. Rbd3 Kf8 24. g3 b6 25. f4 c5 26. Rd5 c4 27. Rd1 b5 28.
Kg2 a5 29. Kf3 Rxd5 30. Rxd5 Rb8 31. Qd4 f6 32. Rd7 Qe8 33. Qd6+ Kg8 34. Qc7
Qf8 35. Rxg7+ Qxg7 36. Qxb8+ Kh7 37. Qxb5 Qc7 38. Qf5+ Kg7 39. Qg4+ Kf7 40. Qf5
c3 41. Qh7+ 1-0

[Event "4NCL/Div1/MM-SWD"]
[Site "Rd02-Birmingham"]
[Date "2000.09.24"]
[Round "2.8"]
[White "Cast, Abigail"]
[Black "Tidman, Sophie"]
[Result "1-0"]
[WhiteElo "2114"]
[BlackElo "2042"]
[PlyCount "69"]
[EventDate "2000.09.24"]

1. d4 Nf6 2. Nf3 e6 3. Bg5 h6 4. Bh4 b6 5. Nbd2 Bb7 6. e3 d6 7. Bd3 Nbd7 8. O-O
g5 9. Bg3 Nh5 10. c3 Bg7 11. Qe2 Qe7 12. a4 O-O 13. Nc4 f5 14. Nfd2 Qf7 15.
Bxd6 Bxg2 16. Kxg2 cxd6 17. Nxd6 Qg6 18. d5 Ne5 19. dxe6 Nxd3 20. Qxd3 Rfd8 21.
N2c4 Qxe6 22. Qxf5 Rxd6 23. Nxd6 Qxd6 24. Qf3 Rf8 25. Qxh5 Qd5+ 26. Kg1 Qc4 27.
Rad1 Qxa4 28. Rd6 Qc2 29. Qg6 Qxb2 30. Rd7 Qxc3 31. Rxa7 Qe5 32. Rd1 Qb2 33.
Rd2 Qc1+ 34. Kg2 Rxf2+ 35. Rxf2 1-0

[Event "4NCL/Div1/PP-RIC"]
[Site "Rd02-Birmingham"]
[Date "2000.09.24"]
[Round "2.1"]
[White "Shaw, John"]
[Black "Rossi, Carlo"]
[Result "1-0"]
[WhiteElo "2435"]
[BlackElo "2436"]
[PlyCount "59"]
[EventDate "2000.09.24"]

1. e4 Nf6 2. e5 Ng8 3. d4 d5 4. c4 Nc6 5. Be3 Bf5 6. cxd5 Qxd5 7. Nc3 Qd7 8.
Nf3 e6 9. Be2 Nge7 10. O-O Nd5 11. Nh4 Nxc3 12. bxc3 Be4 13. f3 Bg6 14. Nxg6
fxg6 15. Rb1 Rb8 16. Rb3 Ne7 17. Qb1 b6 18. Qe4 Qd5 19. c4 Qb7 20. Bd3 Nf5 21.
Bf2 Be7 22. Qxb7 Rxb7 23. g4 Nh4 24. Be4 Rb8 25. Bc6+ Kf7 26. f4 h5 27. Bxh4
Bxh4 28. g5 Rbd8 29. d5 Ke7 30. Rh3 1-0

[Event "4NCL/Div1/PP-RIC"]
[Site "Rd02-Birmingham"]
[Date "2000.09.24"]
[Round "2.2"]
[White "Wall, Gavin"]
[Black "Devereaux, Maxim"]
[Result "1/2-1/2"]
[WhiteElo "2384"]
[BlackElo "2269"]
[PlyCount "67"]
[EventDate "2000.09.24"]

1. e4 c5 2. Nf3 Nc6 3. Bb5 g6 4. O-O Bg7 5. Re1 e5 6. c3 Nge7 7. b4 cxb4 8.
cxb4 O-O 9. Bb2 d6 10. a3 Qb6 11. Bc4 Bg4 12. h3 Bxf3 13. Qxf3 Rac8 14. d3 Kh8
15. Qe3 Qxe3 16. fxe3 f5 17. exf5 d5 18. Bb3 gxf5 19. Nd2 e4 20. Bxg7+ Kxg7 21.
dxe4 fxe4 22. Rf1 Rxf1+ 23. Rxf1 Ne5 24. Nb1 Kg6 25. g4 Nf3+ 26. Kg2 Kg5 27.
Rd1 {(=)} Kh4 28. Kf2 Kxh3 29. Rh1+ Nh2 30. Nd2 h5 31. gxh5 Rf8+ 32. Kg1 Rg8+
33. Kf2 Rf8+ 34. Kg1 1/2-1/2

[Event "4NCL/Div1/PP-RIC"]
[Site "Rd02-Birmingham"]
[Date "2000.09.24"]
[Round "2.3"]
[White "Swanson, Stephen"]
[Black "Quinn, Mark"]
[Result "1/2-1/2"]
[WhiteElo "2281"]
[BlackElo "2381"]
[PlyCount "131"]
[EventDate "2000.09.24"]

1. e4 c5 2. Nf3 d6 3. d4 cxd4 4. Qxd4 a6 5. Be3 Nf6 6. Nc3 Ng4 7. Bg5 h6 8. Bh4
Nc6 9. Qd2 g5 10. Bg3 Bg7 11. h3 Nge5 12. Nxe5 Nxe5 13. Be2 Be6 14. O-O Qa5 15.
Rab1 Rc8 16. Rfd1 Qc5 17. a4 h5 18. Nd5 Ng6 19. c4 g4 20. b4 Qc6 21. h4 Bxd5
22. exd5 Qxa4 23. c5 Bh6 24. Qd3 Qd7 25. cxd6 exd6 26. Qe4+ Kf8 27. Bd3 Kg7 28.
b5 a5 29. b6 Rc5 30. Qd4+ Kh7 31. Qf6 Bf8 32. Bf5 Qe7 33. Qd4 Bg7 34. Qd3 Rc3
35. Qd2 Qf6 36. Qg5 Qxg5 37. hxg5 Rd8 38. Re1 Kg8 39. Bxg6 fxg6 40. Re7 Rc5 41.
Rxb7 Bd4 42. Re7 Rxd5 43. b7 Ba7 44. Rc7 Rf5 45. Rc8 Rff8 46. Rbc1 Kf7 47. Rxd8
Rxd8 48. Rc8 Rd7 49. b8=Q Bxb8 50. Rxb8 Ke6 51. Ra8 Kf5 52. Rxa5+ d5 53. Kf1
Kxg5 54. Ke2 h4 55. Bh2 Kh5 56. Kd3 g5 57. Ra8 Rf7 58. Ke2 Rb7 59. Rh8+ Kg6 60.
Rg8+ Kf6 61. Rf8+ Kg7 62. Rf5 Rb2+ 63. Ke3 d4+ 64. Kxd4 Kg6 65. Rf8 g3 66. fxg3
1/2-1/2

[Event "4NCL/Div1/PP-RIC"]
[Site "Rd02-Birmingham"]
[Date "2000.09.24"]
[Round "2.4"]
[White "Bates, Richard"]
[Black "Smith, Andrew P"]
[Result "1-0"]
[WhiteElo "2357"]
[BlackElo "2252"]
[PlyCount "107"]
[EventDate "2000.09.24"]

1. d4 Nf6 2. Nf3 g6 3. g3 Bg7 4. Bg2 O-O 5. O-O c5 6. d5 b5 7. Re1 d6 8. e4 Bg4
9. h3 Bxf3 10. Qxf3 Nbd7 11. Qe2 Rb8 12. a4 Qa5 13. Nd2 bxa4 14. c3 Rfe8 15.
Qd1 e6 16. Nc4 Qc7 17. dxe6 Rxe6 18. Bf4 Ne8 19. h4 Nb6 20. Ne3 Rd8 21. Bg5 Rb8
22. Bf4 Bf8 23. Qc2 Nf6 24. Bg5 Bg7 25. f4 Ree8 26. g4 Nfd7 27. h5 d5 28. e5
Nxe5 29. fxe5 Bxe5 30. Nxd5 Nxd5 31. Bxd5 Bf4 32. hxg6 Rxe1+ 33. Rxe1 Bxg5 34.
gxf7+ Kg7 35. Qf2 Qd6 36. c4 Rf8 37. Kg2 Qf4 38. Qxf4 Bxf4 39. Kf3 Bg5 40. Ra1
Bf6 41. Rxa4 Bxb2 42. Rxa7 Bd4 43. Re7 Bf6 44. Re8 h6 45. Kf4 Bc3 46. Kf5 Bb2
47. Re2 Bc3 48. Ra2 Bd4 49. Ra6 Kh7 50. Rg6 Bg7 51. g5 hxg5 52. Rxg5 Bh6 53.
Rg8 Bg7 54. Kg5 1-0

[Event "4NCL/Div1/PP-RIC"]
[Site "Rd02-Birmingham"]
[Date "2000.09.24"]
[Round "2.5"]
[White "Hammond, Andrew"]
[Black "Webb, Laurence"]
[Result "0-1"]
[WhiteElo "2213"]
[BlackElo "2257"]
[PlyCount "46"]
[EventDate "2000.09.24"]

1. d4 Nf6 2. c4 e6 3. Nc3 Bb4 4. Qc2 c5 5. dxc5 Bxc3+ 6. Qxc3 Ne4 7. Qxg7 Qa5+
8. Kd1 Nxf2+ 9. Kc2 Rf8 10. Be3 Nxh1 11. Nf3 d6 12. Ng5 e5 13. g4 Bxg4 14. Bg2
Nc6 15. Bxh1 O-O-O 16. Bxc6 bxc6 17. Nxf7 Bf5+ 18. Kb3 Rxf7 19. Qxf7 Bg6 20.
Qe6+ Kb8 21. a3 Ka8 22. cxd6 Rb8+ 23. Ka2 Qa4 0-1

[Event "4NCL/Div1/PP-RIC"]
[Site "Rd02-Birmingham"]
[Date "2000.09.24"]
[Round "2.6"]
[White "Phillips, Roy"]
[Black "Rosen, Daniel"]
[Result "1-0"]
[WhiteElo "2240"]
[BlackElo "2221"]
[PlyCount "73"]
[EventDate "2000.09.24"]

1. e4 g6 2. d4 Bg7 3. Nc3 d6 4. Be3 c6 5. Qd2 Nd7 6. Nf3 Qa5 7. Bd3 Nb6 8. h3
Be6 9. Qe2 Na4 10. Bd2 Nxb2 11. Nd5 Nxd3+ 12. Qxd3 Qd8 13. Nf4 Bd7 14. e5 Qc7
15. O-O O-O-O 16. e6 Bxe6 17. Nxe6 fxe6 18. Ng5 Qd7 19. Nf7 Nf6 20. Rab1 Nd5
21. Rb3 e5 22. Rfb1 b6 23. Nxh8 Rxh8 24. c4 Nc7 25. d5 cxd5 26. cxd5 e6 27. Rc1
Kb7 28. dxe6 Qxe6 29. Rbc3 Nd5 30. Ra3 Ra8 31. Qa6+ Kb8 32. Be3 Nc7 33. Rxc7
Kxc7 34. Rc3+ Kd8 35. Qb7 Rc8 36. Rxc8+ Qxc8 37. Bg5+ 1-0

[Event "4NCL/Div1/PP-RIC"]
[Site "Rd02-Birmingham"]
[Date "2000.09.24"]
[Round "2.7"]
[White "Moore, Gerald"]
[Black "Franklin, Michael"]
[Result "0-1"]
[WhiteElo "2206"]
[BlackElo "2253"]
[PlyCount "130"]
[EventDate "2000.09.24"]

1. e4 c5 2. Nf3 a6 3. g3 d6 4. Bg2 e6 5. O-O Nd7 6. c3 Ne7 7. d4 cxd4 8. cxd4
d5 9. Nc3 dxe4 10. Ng5 Nf6 11. Ngxe4 Nxe4 12. Bxe4 Nc6 13. Be3 Be7 14. Qh5 g6
15. Bxc6+ bxc6 16. Qh6 Bf8 17. Qf4 Bg7 18. Ne4 O-O 19. Rac1 f5 20. Nc5 Qd5 21.
b3 e5 22. dxe5 Bxe5 23. Qc4 Qxc4 24. Rxc4 Rd8 25. Re1 Rd5 26. Bg5 Bd6 27. Be7
Kf7 28. Bxd6 Rxd6 29. Rc3 Ra7 30. Nd3 Rc7 31. f4 Be6 32. Nc5 Bd5 33. Nxa6 Ra7
34. Nb4 Be4 35. Kf2 Kf6 36. Re2 g5 37. fxg5+ Kxg5 38. Ke3 Re7 39. Kf2 Rd1 40.
h4+ Kh5 41. Rxc6 Rh1 42. Rc3 Rh2+ 43. Ke1 Rh1+ 44. Kd2 Rd7+ 45. Ke3 Kg4 46. Nd3
Bxd3 47. Rxd3 Rxd3+ 48. Kxd3 Kxg3 49. Re7 Rxh4 50. Ke2 Rh2+ 51. Kf1 Rxa2 52.
Rxh7 f4 53. Rg7+ Kf3 54. Kg1 Rb2 55. b4 Rxb4 56. Ra7 Rb1+ 57. Kh2 Re1 58. Ra8
Kf2 59. Ra7 f3 60. Ra8 Kf1 61. Ra7 f2 62. Ra2 Re7 63. Ra1+ Ke2 64. Ra2+ Kf3 65.
Ra3+ Re3 0-1

[Event "4NCL/Div1/PP-RIC"]
[Site "Rd02-Birmingham"]
[Date "2000.09.24"]
[Round "2.8"]
[White "Buckley, Melanie"]
[Black "Turvey, Syringa"]
[Result "1-0"]
[WhiteElo "2124"]
[BlackElo "1520"]
[PlyCount "77"]
[EventDate "2000.09.24"]

1. e4 c5 2. Nc3 Nc6 3. g3 Nf6 4. Bg2 e6 5. f4 d6 6. Nf3 Rb8 7. O-O b5 8. d3 b4
9. Ne2 Qc7 10. h3 g6 11. Nh4 Bg7 12. f5 O-O 13. Bg5 Ne7 14. Qd2 Bb7 15. g4 e5
16. Bxf6 Bxf6 17. g5 Bh8 18. f6 Nc8 19. Ng3 Nb6 20. Qe2 d5 21. Rae1 d4 22. b3
a5 23. Nf3 a4 24. Nh2 axb3 25. axb3 Ra8 26. Ng4 h5 27. Nh6+ Kh7 28. Nxh5 Bc8
29. Ng3 Be6 30. Qf2 Nd7 31. Ne2 Qd8 32. Qh4 Nxf6 33. Nxf7+ Nh5 34. Nxd8 Raxd8
35. Bf3 Bf7 36. Bxh5 gxh5 37. Rxf7+ Rxf7 38. g6+ Kxg6 39. Qxd8 1-0

[Event "4NCL/Div1/SL-WG"]
[Site "Rd02-Birmingham"]
[Date "2000.09.24"]
[Round "2.2"]
[White "Baburin, Alexander"]
[Black "Miles, Anthony"]
[Result "0-1"]
[WhiteElo "2590"]
[BlackElo "2584"]
[PlyCount "60"]
[EventDate "2000.09.24"]

1. d4 e6 2. c4 b6 3. a3 g6 4. Nc3 Bg7 5. e4 Ne7 6. Nf3 Bb7 7. Bd3 d6 8. O-O Nd7
9. Re1 h6 10. h3 a6 11. Be3 g5 12. Rc1 c5 13. d5 Ng6 14. Bc2 Qe7 15. Qd2 O-O
16. Rcd1 Nde5 17. Nxe5 Bxe5 18. Bd3 Qf6 19. Na4 Rab8 20. Nxb6 Bc8 21. Na4 Bd7
22. Nc3 Rb3 23. Rb1 Rfb8 24. Nd1 exd5 25. cxd5 Nf4 26. Bxf4 gxf4 27. Bc2 Rxh3
28. gxh3 Kh8 29. f3 Rg8+ 30. Kh1 Qh4 0-1

[Event "4NCL/Div1/SL-WG"]
[Site "Rd02-Birmingham"]
[Date "2000.09.24"]
[Round "2.3"]
[White "Wohl, Aleksandar"]
[Black "Emms, John"]
[Result "1/2-1/2"]
[WhiteElo "2461"]
[BlackElo "2527"]
[PlyCount "109"]
[EventDate "2000.09.24"]

1. Nf3 c5 2. g3 g6 3. Bg2 Bg7 4. O-O Nc6 5. c4 e6 6. Nc3 Nge7 7. d3 O-O 8. a3
b6 9. Rb1 Bb7 10. Bd2 d5 11. cxd5 Nxd5 12. Nxd5 Qxd5 13. Bc3 Nd4 14. Ne1 Qd7
15. Bxb7 Qxb7 16. e3 Nb5 17. Bxg7 Kxg7 18. a4 Nd6 19. b4 Rac8 20. b5 Rfd8 21.
Qf3 Rc7 22. Kg2 e5 23. Qxb7 Nxb7 24. f4 Re7 25. Kf2 e4 26. Rd1 Red7 27. Ke2 f5
28. Rg1 Na5 29. g4 Kf6 30. h3 Nb3 31. Rh1 h6 32. Rg1 fxg4 33. hxg4 h5 34. gxh5
gxh5 35. Rh1 h4 36. Rxh4 exd3+ 37. Kf2 c4 38. Nf3 d2 39. Ne5 c3 40. Rh6+ Kf5
41. Kf3 Rd3 42. Rh5+ Kf6 43. Rh6+ Kf5 44. Rh5+ Kf6 45. Rh6+ Kg7 46. Rhh1 Kf8
47. Ke4 R3d5 48. Rdg1 d1=Q 49. Rh8+ Ke7 50. Nc6+ Ke6 51. f5+ Kf7 52. Rh7+ Kf8
53. Rh8+ Kf7 54. Rh7+ Kf8 55. Rh8+ 1/2-1/2

[Event "4NCL/Div1/SL-WG"]
[Site "Rd02-Birmingham"]
[Date "2000.09.24"]
[Round "2.4"]
[White "Ward, Chris"]
[Black "Summerscale, Aaron"]
[Result "1/2-1/2"]
[WhiteElo "2510"]
[BlackElo "2465"]
[PlyCount "87"]
[EventDate "2000.09.24"]

1. d4 Nf6 2. c4 c5 3. d5 b5 4. a4 bxc4 5. Nc3 d6 6. e4 Ba6 7. f4 g6 8. e5 Nfd7
9. Nf3 Bg7 10. Qe2 O-O 11. e6 Nb6 12. exf7+ Rxf7 13. Ng5 Bxc3+ 14. bxc3 Rf6 15.
h4 h6 16. h5 Qe8 17. Ne4 Rf8 18. hxg6 Qxg6 19. g4 Nxd5 20. f5 Qg7 21. Rxh6 Nxc3
22. Qh2 Qd4 23. Rg6+ Kf7 24. Nxd6+ exd6 25. Qh7+ Ke8 26. Re6+ Kd8 27. Qe7+ Kc8
28. Qxf8+ Kc7 29. Bb2 Nc6 30. Qxa8 Bc8 31. Re7+ Nxe7 32. Qxa7+ Bb7 33. Qa5+ Kb8
34. Qxc3 Qxg4 35. Be2 Qg5 36. Qg7 Qh4+ 37. Kd1 Qe4 38. Qf8+ Ka7 39. Qd8 Qh1+
40. Kd2 Qh6+ 41. Kd1 Qh1+ 42. Kd2 Qh6+ 43. Kd1 Qh1+ 44. Kd2 1/2-1/2